| 000 | 01128nam a22003255a 4500 | ||
|---|---|---|---|
| 008 | 111011s2010 maua frb 001 0 eng d | ||
| 010 | _a 2007002125 | ||
| 020 | _a0071270272 | ||
| 020 | _a9780071270274 | ||
| 022 | _a007110142x (International ed.) | ||
| 035 | _a(OCoLC)ocm79256820 | ||
| 035 | _a(OCoLC)79256820 | ||
| 040 |
_aEG-ScBUE _beng _cEG-ScBUE |
||
| 082 | 0 | 4 |
_a331 _bBOR _222 |
| 100 | 1 |
_aBorjas, George J. _927502 |
|
| 245 | 1 | 0 |
_aLabor Economics / _cGeorge J. Borjas. |
| 250 | _a5th ed. | ||
| 260 |
_aBoston : _bMcGraw-Hill/Irwin, _c2010 |
||
| 300 |
_axvi, 560 p. : _bill. ; _c24 cm. |
||
| 500 | _aIncludes indexes. | ||
| 504 | _aIncludes bibliographical references. | ||
| 590 | _aMenna elemam | ||
| 650 | 0 |
_aLabor economics. _927503 _2BUEsh |
|
| 650 | 0 |
_aLabor market _zUnited States. _927504 _2BUEsh |
|
| 651 | _2BUEsh | ||
| 653 |
_bBUSECO _cAugust2015 |
||
| 856 | 4 | 2 |
_3Publisher description _uhttp://www.loc.gov/catdir/enhancements/fy0708/2007002125-d.html |
| 856 | 4 | 2 |
_3Table of contents only _uhttp://www.loc.gov/catdir/enhancements/fy0714/2007002125-t.html |
| 942 |
_cBB _k331 BOR _2ddc |
||
| 999 |
_c16135 _d16135 |
||